| 000 | 00624nam a22002297a 4500 | ||
|---|---|---|---|
| 003 | OSt | ||
| 005 | 20250918115311.0 | ||
| 008 | 250515t2022 ag |||||r|||| 00| 1 spa d | ||
| 020 | _a987-987-702-562-0 | ||
| 040 | _cbesoc | ||
| 080 | _082-31(821.6) | ||
| 100 | 1 |
_aBritos, Marcelo, _d1970- _eautor |
|
| 245 | 1 | 3 |
_aEl aserradero / _cMarcelo Britos. |
| 250 | _a1a ed. | ||
| 260 |
_aRosario : _bUNR Editora, _c2022. |
||
| 300 |
_a192 p. ; _c21 cm. |
||
| 490 | 0 |
_aConfingere / Nicolás Manzi ; _v21 |
|
| 500 | _aPrólogo de Rody Bertol. | ||
| 650 | 4 |
_aLiteratura _ySiglo XXI _zArgentina |
|
| 655 | 4 | _aNovela | |
| 942 |
_2udc _cOG _n0 |
||
| 999 |
_c503 _d503 |
||